000 00569nam a2200181Ia 4500
003 GCL
008 140319s9999 xx 000 0 ara d
040 _aGCL /
_cGCL
082 0 4 _a189.6
_bع ف
100 1 _aعلى زيعور
245 1 0 _aالفلسفة العملية عند ابن خلدون وابن الازرق فى التيار الاجتماعى التاريخى /
_cعلى زيعور
300 _a408 ص
490 _a
650 0 4 _aالفلسفة الاسلامية
650 0 4 _aالفلسفة
650 0 4 _aالاخلاق - علم
942 _2ddc
_cBK
999 _c41725
_d41725